Statistiques concernant Promotions de Saint-Cyr

Cliquez ici pour prendre le quiz!

Statistiques générales

  • Ce quiz a été pris 31 fois
    (30 depuis la dernière actualisation)
  • Le résultat moyen est 31 sur 197

Statistiques - réponses

AnnéesNom% Correct
2072020-2023Général Robert Caillaud
78%
2062019-2022Capitaine Maurice Anjot
67%
1571970-1972Général de Gaulle
67%
1972010-2013Chef de bataillon Bulle
56%
2082021-2024Colonel Le Cocq
56%
2052018-2021Compagnons de la Libération
56%
2042017-2020Général Fourcade
56%
2032016-2019Général Georges Loustaunau-Lacau
56%
2022015-2018Général Saint-Hillier
56%
1962009-2012Capitaine de Cacqueray
44%
2012014-2017Chef d'escadrons de Neuchèze
44%
1992012-2015des lieutenants Thomazo
44%
1221935-1937du Maréchal Lyautey
44%
1271940-1942Maréchal Pétain
44%
1581971-1973Capitaine Danjou
33%
2002013-2016Capitaine Hervouët
33%
911906-1909du Centenaire
33%
1151928-1930du Maréchal Foch
33%
1331946-1948Général Leclerc
33%
1942007-2010Lieutenant Carrelet de Loisy
33%
1741987-1990Lieutenant Tom Morel
33%
1261939-1940Amitié Franco-Britannique
22%
1721985-1988Cadets de la France libre
22%
1922005-2008Capitaine Beaumont
22%
1761989-1992Capitaine Hamacek
22%
1932006-2009Chef de bataillon Segrétain
22%
1952008-2011Chef d'escadrons Francoville
22%
1851998-2001Chef d'escadrons Raffalli
22%
1982011-2014de Castelnau
22%
201837-1839de Constantine
22%
1051919-1921de la Garde au Rhin
22%
951910-1913de la Moskova
22%
361852-1854de l'Empire
22%
1591972-1974de Linares
22%
541869-1871du 14 août 1870
22%
451860-1862du Céleste Empire
22%
1141927-1929du Maréchal Gallieni
22%
1201933-1935du Roi Albert 1er
22%
1211934-1936du Roi Alexandre 1er
22%
1841997-2000France combattante
22%
1872000-2003Général Béthouart
22%
1661979-1981Général Lasalle
22%
1171930-1932Joffre
22%
1912004-2007Lieutenant Brunbrouck
22%
1411954-1956Lieutenant-colonel Amilakvari
22%
1451958-1960Maréchal Bugeaud
22%
1801993-1996Maréchal Lannes
22%
129décembre 1942Bir Hakeim
11%
1481961-1963Bir Hakeim
11%
1541967-1969Brunet de Sairigné
11%
1621975-1977Capitaine Henri Guilleminot
11%
1791992-1995Capitaine Stéphane
11%
1491962-1964Centenaire de Camerone
11%
1401953-1955Ceux de Diên Biên Phu
11%
1281941-1942Charles de Foucauld
11%
1511964-1966Corse et Provence
11%
1291942Croix de Provence
11%
791894-1896d'Alexandre III
11%
561872-1873d'Alsace-Lorraine
11%
821897-1899de Bourbaki
11%
1191932-1934de Bournazel
11%
711886-1888de Châlons
11%
381854-1856de Crimée
11%
751890-1892de Cronstadt
11%
281844-1846de Djemmah
11%
411856-1858de Djurdjura
11%
941909-1912de Fès
11%
691884-1886de Fou Tchéou
11%
661881-1883d'Égypte
11%
321848-1850de Hongrie
11%
781893-1895de Jeanne d'Arc
11%
341850-1852de Kabylie
11%
181835-1837de la Comète
11%
981913-1914de la Croix du Drapeau
11%
1061920-1921de la Dernière de la Grande Guerre
11%
1071920-1922de la Devise du Drapeau
11%
991914de la Grande Revanche
11%
351851-1853de l'Aigle
11%
241841-1843de la Nécessité
11%
701885-1887de l'Annam
11%
211838-1840de l'An Quarante
11%
1251938-1939de la Plus Grande France
11%
581873-1875de l'Archiduc Albert
11%
311847-1849de la République
11%
551870-1872de la Revanche
11%
881903-1905de La Tour-d'Auvergne
11%
1031918-1920de la Victoire
11%
421857-1859de l'Indoustan
11%
191836-1838de l'Obélisque
11%
681883-1885de Madagascar
11%
931908-1911de Mauritanie
11%
221839-1841de Mazagran
11%
521867-1869de Mentana
11%
1091922-1924de Metz et Strasbourg
11%
971912-1914de Montmirail
11%
441859-1861de Nice et Savoie
11%
621877-1879de Novi Bazar
11%
611876-1878de Plewna
11%
401857-1858de Prince Impérial
11%
471862-1864de Puebla
11%
601875-1877Dernière de Wagram
11%
1011917-1918de Sainte Odile
11%
231840-1842des Cendres
11%
1041919-1920des Croix de Guerre 1914-1918
11%
641879-1881des Drapeaux
11%
1001916-1917des Drapeaux et de l'Amitié Américaine
11%
391855-1856de Sébastopol
11%
651880-1882des Kroumirs
11%
961911-1914des Marie-Louise
11%
431858-1860de Solférino
11%
671882-1884des Pavillons noirs
11%
531868-1870de Suez
11%
631878-1880des Zoulous
11%
801895-1897de Tananarive
11%
721887-1889de Tombouctou
11%
371853-1855de Turquie
11%
501865-1867de Vénétie
11%
331849-1851de Zaatcha
11%
291845-1847d'Ibrahim
11%
841899-1901d'In Salah
11%
271843-1845d'Isly
11%
301846-1848d'Italie
11%
1321945-1947
Nouveau Bahut
Promotion « Indochine »
11%
491864-1866d'Oajaca
11%
251841-1843d'Orient
11%
1861999-2002du Bicentenaire de Saint-Cyr
11%
891904-1906du Centenaire d'Austerlitz
11%
861901-1903du centenaire de la Légion d'honneur
11%
1101923-1925du Chevalier Bayard
11%
741889-1891du Dahomey
11%
481863-1865du Danemark
11%
131830-1832du Firmament
11%
731888-1890du Grand Triomphe
11%
921907-1910du Maroc
11%
1121925-1927du Maroc et Syrie
11%
461861-1863du Mexique
11%
1111924-1926du Rif
11%
571872-1874du Shah
11%
771892-1894du Siam
11%
1231936-1938du Soldat inconnu
11%
761891-1893du Soudan
11%
1131926-1928du Sous-Lieutenant Pol Lapeyre
11%
1081921-1923du Souvenir
11%
871902-1904du Sud-Oranais
11%
511866-1868du Sultan
11%
1181931-1933du Tafilalet
11%
851900-1902du Tchad
11%
261842-1844du Tremblement
11%
1371950-1952Extrême-Orient
11%
1361949-1951Garigliano
11%
1892002-2005Général de Galbert
11%
1751988-1991Général Delestraint
11%
1691982-1985Général de Monsabert
11%
1351948-1950Général Frère
11%
1771990-1993Général Guillaume
11%
1731986-1989Général Jean Callies
11%
1831996-1999Général Lalande
11%
1431956-1958Général Laperrine
11%
1711984-1987Général Monclar
11%
1651978-1980Général Rollet
11%
1902003-2006Général Simon
11%
1882001-2004Général Vanbremeersch
11%
1681981-1983Grande Armée
11%
901905-1907la Dernière du Vieux Bahut
11%
1021917-1918La Fayette
11%
591874-1876la Grande Promotion
11%
811896-1898la Première des Grandes Manœuvres
11%
129juin 1942Libération
11%
1521965-1967Lieutenant-colonel Driant
11%
1701983-1986Lieutenant-colonel Gaucher
11%
1461959-1961Lieutenant-colonel Jeanpierre
11%
1611974-1976Lieutenant Darthenay
11%
1161929-1931Mangin
11%
831898-1900Marchand
11%
1641977-1979Maréchal Davout
11%
1381951-1953Maréchal de Lattre
11%
1601973-1975Maréchal de Turenne
11%
1531966-1968Maréchal Juin
11%
1241937-1939Marne et Verdun
11%
1671980-1982Montcalm
11%
1341947-1949Rhin et Danube
11%
1311944Rome et Strasbourg
11%
1501963-1965Serment de 14
11%
1551968-1970Souvenir de Napoléon
11%
1441957-1959Terre d'Afrique
11%
1391952-1954Union française
11%
1301943Veille au Drapeau
11%
1471960-1962Vercors
11%
129juin 194418 juin
0%
1631976-1978Capitaine de Cathelineau
0%
1781991-1994Chef de bataillon de Cointet
0%
1821995-1998Colonel Cazeilles
0%
1811994-1997Commandant Morin
0%
129décembre 1943Corse et Savoie
0%
129juin 1943Fezzan-Tunisie
0%
1421955-1957Franchet d'Espèrey
0%
1561969-1971Général Gilles
0%

Distribution des résultats

Percentile par nombre de réponses

% des personnes avec chaque résultat

Votre développement - résultats

Vous n’avez pas pris ce quiz depuis la dernière actualisation